书目信息 |
| 题名: |
太极颐养图解
|
|
| 作者: | 施维 , 才颖 , 黄缨 主编 | |
| 分册: | ||
| 出版信息: | 上海 上海科学技术文献出版社 2020.2 |
|
| 页数: | 25, 231页 | |
| 开本: | 22cm | |
| 丛书名: | 中华颐养书 | |
| 单 册: | ||
| 中图分类: | G852.11 , R212 | |
| 科图分类: | ||
| 主题词: | 太极拳--养生 (中医)--图解 | |
| 电子资源: | ||
| ISBN: | 978-7-5439-7989-5 | |
| 000 | 01138nam 2200337 45 | |
| 001 | 012001004040 | |
| 005 | 20140926102513.0 | |
| 010 | @a978-7-5439-7989-5@dCNY39.00 | |
| 099 | @aCAL 012020047232 | |
| 100 | @a20200416d2020 em y0chiy0110 ea | |
| 101 | 0 | @achi |
| 102 | @aCN@b310000 | |
| 105 | @aa z 000yy | |
| 106 | @ar | |
| 200 | 1 | @a太极颐养图解@Atai ji yi yang tu jie@f主编施维, 才颖, 黄缨 |
| 210 | @a上海@c上海科学技术文献出版社@d2020.2 | |
| 215 | @a25, 231页@c图@d22cm | |
| 225 | 2 | @a中华颐养书@Azhong hua yi yang shu |
| 300 | @a其他题名:太极颐养 | |
| 330 | @a全书分为导读和太极颐养图解两个部分。导读是对中华颐养文化的总结与提炼, 为读者提供各种修身养性的方法 ; 太极颐养图解则收录了简化太极拳、二十四式太极拳、四十二式太极拳、四十八式太极拳的练习方法。 | |
| 410 | 0 | @12001 @a中华颐养书 |
| 461 | 0 | @12001 @a中华颐养书 |
| 517 | 1 | @a太极颐养 |
| 606 | 0 | @a太极拳@x养生 (中医)@j图解 |
| 690 | @aG852.11@v5 | |
| 690 | @aR212@v5 | |
| 701 | 0 | @a施维@Ashi wei@4主编 |
| 701 | 0 | @a才颖@Acai ying@4主编 |
| 701 | 0 | @a黄缨@Ahuang ying@4主编 |
| 801 | @aCN@bAHXH@c20210922 | |
| 905 | @b1329098-102@dG852.11@e519@f5 | |
| 太极颐养图解/主编施维, 才颖, 黄缨.-上海:上海科学技术文献出版社,2020.2 |
| 25, 231页:图;22cm.-(中华颐养书) |
| 其他题名:太极颐养 |
| ISBN 978-7-5439-7989-5:CNY39.00 |
| 全书分为导读和太极颐养图解两个部分。导读是对中华颐养文化的总结与提炼, 为读者提供各种修身养性的方法 ; 太极颐养图解则收录了简化太极拳、二十四式太极拳、四十二式太极拳、四十八式太极拳的练习方法。 |
| ● |
| 相关链接 |
|
|
|
|
正题名:太极颐养图解
索取号:G852.11/519
 
预约/预借
| 序号 | 登录号 | 条形码 | 馆藏地/架位号 | 状态 | 备注 |
| 1 | 1329098 | 213290981 | 第一样本阅览室/ [索取号:G852.11/519] | 在馆 | |
| 2 | 1329099 | 213290990 | 教育系资料室/ [索取号:G852.11/519] | 在馆 | |
| 3 | 1329100 | 213291007 | 教育系资料室/ [索取号:G852.11/519] | 在馆 | |
| 4 | 1329101 | 213291016 | 第四借阅区/ [索取号:G852.11/519] | 在馆 | |
| 5 | 1329102 | 213291025 | 第四借阅区/ [索取号:G852.11/519] | 在馆 |